00970nam a22002057a 4500003000800000008004100008037002100049040003500070080001600105100002600121245018200147260008700329300001800416502010700434650006800541650005800609655001200667700003500679710005000714BI-BuBU260612b202612/6bd f |||| 00| 0 fre d bdon de l´auteur aBI-BuBUbfrecBI-BuBUdBI-BuBU a621.315.614 4aut.aKimombo,Jacques10aModélisation d´un système d´acquisition et de transmission à fibres optique fonctionnant en environnement ferroviairecJacques Kimombo;Jérémie Ndikumagenge,directeur aBujumburabUniversité du Burundi, Faculté des sciences de l´ingénieurc2025 aXII-43fc30cm aMémoire présenté en vue de l´obtention du grade de Master en Génie des Télécommunications 72BI-BuBUaFibre optiquevTransmissionxEnvironnement ferroviaire 7aFibre optiquevAcquisitionxEnvironnement ferroviaire 72BI-BuBU1 4dir.aNdikumagenge Jérémie 4autaFaculté des sciences de l´ingénieur